=LDR 00000nam 2200000 4500 =001 INLIS000000000009086 =005 20130612100916 =008 ***********************************Ind** =035 ##$$0010-061300000009086 =041 ##$$a Ind =082 ##$$a 643.3 =090 ##$$a 643.3, Gun-m =100 ##$$a Gunawan =245 ##$$a Membuat rak, alat-alat dapur, Gunawan =260 ##$$a 1995 $b Jakarta =300 ##$$a iv, 36 hlm, ilus, 21 cm =650 ##$$a Alat Rumah Tangga =700 ##$$a Kurnia, Hilanat (penyunting) =850 ##$$a NBPNMAT